Computers, communications, and information : a user's introduction

Αποθηκεύτηκε σε:
Λεπτομέρειες βιβλιογραφικής εγγραφής
Κύριος συγγραφέας: Hutchinson, Sarah E.
Άλλοι συγγραφείς: Sawyer, Stacey C.
Μορφή: Βιβλίο
Γλώσσα:English
Δημοσίευση: Boston : Irwin/McGraw-Hill, c2000
Έκδοση:7th ed.
Θέματα:
Ετικέτες: Προσθήκη ετικέτας
Δεν υπάρχουν, Καταχωρήστε ετικέτα πρώτοι!

MARC

LEADER 00000nam a2200000 i 4500
001 1/14933
008 001219s2000 eng d
020 |a 0-07-116837-0 
035 |l 10065191 
040 |a GR-MY-UA  |b gre  |e aacr 
041 0 |a eng 
082 0 |a 004 
100 1 |a Hutchinson, Sarah E. 
245 1 0 |a Computers, communications, and information :  |b a user's introduction /  |c Sarah E. Hutchinson, Stacey C.Sawyer 
250 |a 7th ed. 
260 |a Boston :   |b Irwin/McGraw-Hill,   |c c2000 
300 |a xvi, various paging;  |b ill.;  |c 28 cm. 
504 |a Includes bibliographical references and index 
650 0 0 |a Computers. 
650 0 0 |a Computer science. 
650 0 0 |a Information technology. 
650 0 0 |a Electronic data processing. 
650 0 0 |a Telecommunication systems. 
700 1 |a Sawyer, Stacey C. 
852 |a INST  |b SYROS  |e 20001219  |h 004 HUT  |p 005500001876  |q 005500001876  |t BK  |y 0 
901 |a BIBL5-2000-3 
909 |a Ε  |b 082699 
922 |a 5ΕΛΗ  |b 200008  |c ΓΡΑΦΙΚΩΝ ΤΕΧΝΩΝ  |d LEADER BOOKS 
970 |a ΚΟΝΤΟΥ  |b ΠΑΡΑΣΚΕΥΗ  |z 2000/12/19